00561nam a2200205 a 4500008004100000020001500041050001900056100002500075245004800100260002900148300001800177350000900195650002200204650002500226650002000251650002300271650001300294650002700307650002100334080208s1996 ||||||||||||||||| || u a1859726152 aHF 5415.32 Tur aTurnbull, Geoffrey K10aUrban consumer theorycGeoffrey K. Turnbull aAldershotbAveburyc1996 ax, 158p.: ill a0.00 aSPATIAL BEHAVIOUR aREAL ESTATE BUSINESS 0aURBAN ECONOMICS aCONSUMER BEHAVIOUR 0aCOMMERCE 0aCONSUMPTION--ECONOMICS 0aSOCIOLOGY, URBAN